| 000 | 00721nam a2200193 a 4500 | ||
|---|---|---|---|
| 008 | 120416s1972 ||||||||||||||||| || u | ||
| 020 | _a047134558X | ||
| 050 | _aQD 181.P1 Ana | ||
| 100 | _aHalmann, Martin M | ||
| 245 | 1 | 0 |
_aAnalytical chemistry of phospherus compounds _cedited by M. Halmann |
| 260 |
_aNew York _bJohn Wiley & Sons _c1972 |
||
| 300 | _ax, 850 p. ill. | ||
| 350 | _a0.00 | ||
| 490 | _aChemical analysis, v. 37 | ||
| 500 | _aBibliography | ||
| 650 | 0 | _aCHEMISTRY--HANDBOOKS, MANUALS, ETC | |
| 650 | _aPhosphorus - Analysis | ||
| 995 |
_D0.00 _FCBU-MAIN LIBRARY (Kitwe) _H1 _I17.85 _M1 _UAVAILABLE _WMar 9, 2007 _ZMain Library Open Access Collection |
||
| 999 |
_c34358 _d34358 |
||